000 00482cam a2200169ua 4500
003 OSt
008 240124b |||||||| |||| 00| 0 eng d
041 _aeng
082 _a631.521
_bVER/PR
082 _a634.9562
_bVER/PR
100 _aVerma, T. S
_95771
245 _aProducing seeds of biennial vegetables in temperate regions /
260 _aNew Delhi :
_bIndian Council for Agricultural Research ,
_c2000.
300 _a181 ; .
700 1 _aSharma, S C .
_95772
942 _cBK
999 _c4874
_d4874